Mechanical behavior of materials / (Record no. 854)
[ view plain ]
| 000 -LEADER | |
|---|---|
| fixed length control field | 00916nac a22002051u 4500 |
| 010 ## - LIBRARY OF CONGRESS CONTROL NUMBER | |
| LC control number | 98022454 |
| 020 ## - INTERNATIONAL STANDARD BOOK NUMBER | |
| International Standard Book Number | 0132628171 |
| 082 00 - DEWEY DECIMAL CLASSIFICATION NUMBER | |
| Classification number | 620.112 |
| Item number | M6136 |
| 090 ## - LOCALLY ASSIGNED LC-TYPE CALL NUMBER (OCLC); LOCAL CALL NUMBER (OCLC) | |
| -- | 854 |
| -- | 854 |
| 100 ## - MAIN ENTRY--PERSONAL NAME | |
| Personal name | Meyers, Marc A. |
| 245 10 - TITLE STATEMENT | |
| Title | Mechanical behavior of materials / |
| Statement of responsibility, etc | Marc AndreÌ? Meyers, Krishan Kumar Chawla. |
| 260 ## - PUBLICATION, DISTRIBUTION, ETC. (IMPRINT) | |
| Place of publication, distribution, etc | Upper Saddle River, N.J. : |
| Name of publisher, distributor, etc | Prentice Hall,1999 |
| Date of publication, distribution, etc | c1999. |
| 300 ## - PHYSICAL DESCRIPTION | |
| Extent | xv, 680 p.: |
| Other physical details | ill. ; |
| Dimensions | 27 cm. |
| 504 ## - BIBLIOGRAPHY, ETC. NOTE | |
| Bibliography, etc | Includes bibliographical references and index. |
| 650 #0 - SUBJECT ADDED ENTRY--TOPICAL TERM | |
| Topical term or geographic name as entry element | Strength of materials. |
| 700 1# - ADDED ENTRY--PERSONAL NAME | |
| Personal name | Chawla, Krishan Kumar, |
| Dates associated with a name | 1942- |
| 942 ## - ADDED ENTRY ELEMENTS (KOHA) | |
| Item type | Book - Borrowing |
| Call number prefix | 620.112M6136 |
| Withdrawn status | Item status | Source of classification or shelving scheme | Damaged status | Not for loan | Vendor | Home library | Current library | Shelving location | Date acquired | Source of acquisition | Cost, normal purchase price | Total Checkouts | Total Renewals | Full call number | Barcode | Date last seen | Date last borrowed | Cost, replacement price | Koha item type |
|---|---|---|---|---|---|---|---|---|---|---|---|---|---|---|---|---|---|---|---|
| Dewey Decimal Classification | Central Library | Central Library | First floor | 06/08/2006 | 180.00 | 3 | 18 | 620.112 MEY | 000003686 | 15/07/2025 | 14/01/2018 | 225.00 | Book - Borrowing | ||||||
| Central Library | Central Library | First floor | 06/08/2006 | Purchase | 180.00 | 3 | 620.112 MEY | 000003685 | 15/07/2025 | 10/10/2012 | 225.00 | Book - Borrowing |